EL ANTIGUO TESTAMENTO Y LA MODERNA EXEGESIS CATOLICA
Guardado en:
| Autor principal: | |
|---|---|
| Formato: | Libro |
| Etiquetas: |
Sin etiquetas, Sé el primero en etiquetar este registro!
|
MARC
| LEADER | 00000nam^a2200000^a^4500 | ||
|---|---|---|---|
| 001 | 000202757 | ||
| 005 | 20250521000000.0 | ||
| 009 | 20260310102949.915 | ||
| 035 | |a 002402 | ||
| 037 | |a Acervo Xavier Clavigero | ||
| 082 | |a 214. |b DEI | ||
| 100 | |a Deissler, Alfons |e (autor) | ||
| 245 | 1 | 3 | |a EL ANTIGUO TESTAMENTO Y LA MODERNA EXEGESIS CATOLICA |
| 264 | |a BARCELONA : |b HERDER, |c 1966 | ||
| 336 | |a texto |b txt |2 rdacontenido | ||
| 337 | |a sin mediación |b n |2 rdamedio | ||
| 338 | |a volumen |b nc |2 rdasoporte | ||
| 649 | |a XX | ||
| 910 | |a Fondo General | ||
| 920 | |a Impresos - Libros | ||
| 930 | |a Colección General | ||
| 905 | |a 101 | ||
| 901 | |a 002402 |b IT1 |c ACC |i 002402 |u 20250521 | ||
| 901 | |a 003103 |b IT1 |c ACC |i 003103 |u 20250521 | ||
| 902 | |a https://opac.biblio.iteso.mx/vufind/Record/000202757 | ||